Gloves Up - Little Mix - All Lyrics - Statistics

General Stats
  • This quiz has been taken 23 times
  • The average score is 345 of 419
Answer Stats
Answer % Correct
a
100%
and
100%
be
100%
day
100%
(Day
100%
die
100%
die)
100%
'em
100%
Fight
100%
gloves
100%
I
100%
I,
100%
(I
100%
it's
100%
my
100%
oh)
100%
(Oh,
100%
on
100%
Ooh,
100%
(Ooh)
100%
that
100%
the
100%
'til
100%
woah,
100%
woah)
100%
all
95%
(All
95%
All
95%
me,
95%
me
95%
no
95%
of
95%
put
95%
up
95%
up)
95%
Up-purrrup,
95%
way
95%
way,
95%
Ain't
89%
ain't
89%
carpet,
89%
eyes
89%
gonna
89%
nobody
89%
Nothing
89%
nothing
89%
prize
89%
somethin'
89%
Start
89%
startin'
89%
tell
89%
them
89%
you
89%
(You
89%
your,
89%
your
89%
got
84%
I'm
84%
(I'm
84%
in
84%
better
79%
comin'
79%
for
79%
high
79%
Just
79%
know,
79%
more
79%
over,
79%
stop
79%
to
79%
walls
79%
Boy,
74%
‘Cause
74%
thought
74%
was
74%
can
68%
down
68%
down)
68%
They
68%
they
68%
blood
63%
mine
63%
can't
58%
Can’t
58%
Can't
58%
why
58%
will
58%
Baby,
53%
divas
53%
four
53%
moment,
53%
riot,
53%
Takin'
53%
takin',
53%
that's
53%
this
53%
applause
47%
legend
47%
shine
47%
shine)
47%
bright
42%
face
42%
floor
42%
I've
42%
knock
42%
pain
42%
scared
42%
see
42%
tears
42%
body,
37%
Brighter
37%
don't
37%
gold
37%
rage
37%
Ready
37%
than
37%
been
32%
breakin',
32%
breakin'
32%
history
32%
mould
32%
out,
32%
red,
32%
rewrite
32%
rumble,
32%
runnin'
32%
tappin'
32%
We'll
32%
away
26%
believe
26%
forget,
26%
gunnin',
26%
gunnin'
26%
Make
26%
pages,
26%
ruckus
26%
sure
26%
Sweat
26%
change
21%
green
21%
or
21%
Shots
21%
throwing
21%
towel
21%
No matching quizzes found
Score Distribution
Percent of People with Each Score
Percentile by Number Answered
Your Score History
You have not taken this quiz